000 00325nam a2200145Ia 4500
008 150201s2014 xx 000 0 und d
082 _a610.7362
_bH14P
100 _aPANDA, U.N.
245 _aHB. OF PEDIATRICS
250 _a2ND
260 _bAITBS
_aDELHI
_c2014
300 _a498
650 _aPEDIATRICS
942 _2ddc
_cBK
999 _c2412
_d2412